000 00542nam a2200181 a 4500
005 20140412111316.0
008 010323s19uu xx 00 eng d
020 _a0-307-12474-6
050 _aER
_bPo75 1995
100 _aPackard, Mary
245 _aPocahontas: into the forest /
_cby Mary Packard ; illustrated by Darrell Baker.
260 _aNew York :
_bA Golden Book,
_c1995.
300 _a1 v. (unp.) ; ill.
440 _aA Golden Sturdy Shape Book
650 _aForests - Stories
650 _aForests - Fiction
999 _c104208
_d104208